[Event "Macaubal Tsiloufas Memorial 2nd"]
[Site "Macaubal"]
[Date "2025.03.02"]
[Round "4"]
[White "Soares, Isabela Sousa"]
[Black "Miranda, Guilherme Mateus Te"]
[Result "0-1"]
[WhiteElo "1805"]
[BlackElo "1813"]
[PlyCount "92"]
[EventDate "2025.03.01"]
[EventType "swiss"]
[EventRounds "6"]
[EventCountry "BRA"]
[SourceTitle "CB11_2025"]
[SourceDate "2025.03.12"]
[SourceVersion "1"]
[SourceVersionDate "2025.03.12"]
[SourceQuality "1"]

1. e4 e5 2. Nf3 Nc6 3. Bc4 h6 4. 0-0 Nf6 5. Nc3 Bc5 6. Re1 d6 7. d3 0-0 8. h3 a6 9. Nd5 b5 10. Nxf6+ Qxf6 11. Bd5 Bb7 12. Be3 Rad8 13. Bxc6 Bxc6 14. d4 Bb4 15. c3 Ba5 16. d5 Bd7 17. b4 Bb6 18. Bxb6 cxb6 19. Qd3 Rc8 20. Rec1 Rc7 21. Rc2 a5 22. bxa5 bxa5 23. Rac1 Qd8 24. c4 bxc4 25. Rxc4 Bb5 26. a4 Bxc4 27. Rxc4 Rxc4 28. Qxc4 f5 29. Nd2 f4 30. f3 Rf7 31. Qa6 Rc7 32. Nc4 Qg5 33. Kf1 Kh7 34. Qb5 Qg3 35. h4 Qh2 36. h5 Qh1+ 37. Kf2 Qc1 38. Qe8 Qc2+ 39. Kg1 Qd1+ 40. Kf2 Qd4+ 41. Ke1 Qg1+ 42. Kd2 Qxg2+ 43. Kd1 Rxc4 44. Qg6+ Qxg6 45. hxg6+ Kxg6 46. Ke2 Rxa4 0-1

[Event "Macaubal Tsiloufas Memorial 2nd"]
[Site "Macaubal"]
[Date "2025.03.01"]
[Round "1"]
[White "Miranda, Guilherme Mateus Te"]
[Black "Roselli, Danilo Palomares"]
[Result "0-1"]
[WhiteElo "1813"]
[BlackElo "1853"]
[PlyCount "78"]
[EventDate "2025.03.01"]
[EventType "swiss"]
[EventRounds "6"]
[EventCountry "BRA"]
[SourceTitle "CB11_2025"]
[SourceDate "2025.03.12"]
[SourceVersion "1"]
[SourceVersionDate "2025.03.12"]
[SourceQuality "1"]

1. e4 c6 2. d4 d5 3. e5 c5 4. c3 Nc6 5. Be3 Qb6 6. b3 cxd4 7. Bxd4 Qc7 8. Nf3 Bg4 9. Nbd2 e6 10. h3 Bxf3 11. Nxf3 Nxd4 12. Qxd4 Bc5 13. Qa4+ Kf8 14. b4 Bd4 15. Rc1 Bxe5 16. Nxe5 Qxe5+ 17. Be2 Nf6 18. Qb5 Qc7 19. 0-0 g6 20. c4 d4 21. Bd3 Kg7 22. Rfe1 Rhe8 23. c5 e5 24. Be4 Rab8 25. Qc4 a6 26. a3 Nxe4 27. Rxe4 Qc6 28. Rce1 f6 29. f4 Qc7 30. fxe5 fxe5 31. Qd5 Rbd8 32. Qa2 Re7 33. Qd2 Rde8 34. Qd3 Qc6 35. h4 Qd5 36. Qf3 Rf7 37. Qg3 Rf5 38. Qh3 Ref8 39. Qh2 Qxe4 0-1